| 000 | 00000nas 2200000za 4500 |
| 001 | 9.842745 |
| 003 | CaOODSP |
| 005 | 20221107152405 |
| 007 | cr ||||||||||| |
| 008 | 170830d20172019oncar p o f0 a0eng| |
| 022 | |a2561-1879 |
| 040 | |aCaOODSP|beng |
| 043 | |an-cn--- |
| 086 | 1 |aD95-4E-PDF |
| 110 | 1 |aCanada. |bOffice of the Communications Security Establishment Commissioner. |
| 222 | 0|aDepartmental results report |b(Canada. Office of the Communications Security Establishment Commissioner) |
| 245 | 10|aDepartmental results report |h[electronic resource] / |cOffice of the Communications Security Establishment Commissioner. |
| 260 | |a[Ottawa] : |bOffice of the Communications Security Establishment Commissioner, |c[2017]- |
| 310 | |aAnnual |
| 362 | 1 |aBegan with: 2016/2017; ceased with 2018/2019. |
| 500 | |aIssued also in French under title: Rapport sur les résultats ministériels. |
| 580 | |aSplit into: Departmental results report (Office of the Intelligence Commissioner); and, Departmental results report (National Security and Intelligence Review Agency). |
| 692 | 07|2gccst|aCommunications |
| 692 | 07|2gccst|aSecurity |
| 692 | 07|2gccst|aPerformance assessment |
| 775 | 08|tRapport sur les résultats ministériels |w(CaOODSP)9.842747 |
| 780 | 00|tDepartmental performance report |w(CaOODSP)9.506577 |
| 785 | 00|tDepartmental results report.|w(CaOODSP)9.889376 |
| 785 | 00|tDepartmental results report.|w(CaOODSP)9.891260 |